Chainsaw Man: Who Killed Who? - Statistics

General Stats
  • This quiz has been taken 58 times
  • The average score is 8 of 11
Answer Stats
Hint Answer % Correct
Tomato Devil Denji / Pochita
97%
Aki Hayakawa Gun Devil / Denji
97%
Makima Denji
95%
Bat Devil Denji
95%
Power Makima
92%
Quanxi Makima
92%
Reze Makima / Angel Devil
92%
Beam Darkness Devil
70%
Himeno Ghost Devil
49%
Nayuta Barem Bridge
30%
Hirofumi Yoshida Barem Bridge
30%
No matching quizzes found
Score Distribution
Percent of People with Each Score
Percentile by Number Answered
Your Score History
You have not taken this quiz